000 00795nam a22001817a 4500
999 _c63467
_d63467
003 Ge_BSU
005 20251015185606.0
008 251015s1955 ge ||||| |||| 00| 0 geo d
041 _ageo
080 _a631.115.6 მ- 52
100 _aმელაძე, შ.
_926031
245 _aკოლმეურნეთა საზოგადოებრივი და პირადი ინტერესების სწორი შეხამება /
_cშ. მელაძე.
264 _aთბილისი :
_b თბილ. უნ-ტის გამ-ბა,
_c1955.
300 _a39 გვ. ;
_b22 სმ.
504 _aბიბლიოგრ. შენიშვნებში.
653 _aკოლმეურნეობები.
942 _2udc
_cᲬᲘᲒᲜᲘ